[Event "SUI-chT"]
[Site "Switzerland"]
[Date "1993.??.??"]
[Round "?"]
[White "Hug, Marcel"]
[Black "Horn, Pascal"]
[Result "0-1"]
[WhiteElo "2235"]
[BlackElo "2305"]
[PlyCount "78"]
[EventDate "1993.??.??"]
[EventType "team-tourn"]
[EventRounds "9"]
[EventCountry "SUI"]
[SourceTitle "TD"]
[Source "ChessBase"]
[SourceDate "1994.03.01"]
[SourceVersion "1"]
[SourceVersionDate "1994.03.01"]
[SourceQuality "1"]

1. e4 Nf6 2. e5 Nd5 3. d4 d6 4. Nf3 Bg4 5. Be2 c6 6. Ng5 Bxe2 7. Qxe2 dxe5 8. dxe5 e6 9. 0-0 Nd7 10. c4 Ne7 11. Rd1 h5 12. Nc3 Nf5 13. Nce4 Be7 14. Bf4 c5 15. Rd3 Nh4 16. Qd1 Qc7 17. Nd6+ Bxd6 18. exd6 Qc6 19. b4 b6 20. bxc5 bxc5 21. Be3 Nf5 22. Rb1 g6 23. Rb5 a6 24. Ra5 0-0 25. f3 Qb6 26. Qe1 Nxe3 27. Rxe3 Qxd6 28. Raa3 Rfd8 29. Red3 Qe7 30. Ne4 Ne5 31. Rxd8+ Rxd8 32. Qa1 Rd4 33. Rxa6 Qd8 34. Qc3 Qh4 35. g3 Nxf3+ 36. Qxf3 Qxe4 37. Qxe4 Rxe4 38. Rb6 Rxc4 39. Rc6 Ra4 0-1

[Event "Geneve op"]
[Site "Geneve"]
[Date "1992.??.??"]
[Round "4"]
[White "Horn, Pascal"]
[Black "Domont, Alexandre"]
[Result "1-0"]
[WhiteElo "2285"]
[BlackElo "2345"]
[PlyCount "69"]
[EventDate "1992.??.??"]
[EventType "swiss"]
[EventRounds "9"]
[EventCountry "SUI"]
[SourceTitle "TD"]
[Source "ChessBase"]
[SourceDate "1994.03.01"]
[SourceVersion "1"]
[SourceVersionDate "1994.03.01"]
[SourceQuality "1"]

1. e4 c6 2. f4 d5 3. Nc3 dxe4 4. Nxe4 Nf6 5. Nf2 g6 6. Nf3 Bg7 7. c3 0-0 8. Bc4 Nbd7 9. Qe2 Nd5 10. d4 N7f6 11. Ne5 Be6 12. g4 Qb6 13. Bb3 c5 14. c4 Nc7 15. d5 Bc8 16. g5 Nd7 17. h4 e6 18. h5 Nxe5 19. fxe5 exd5 20. hxg6 fxg6 21. cxd5 c4 22. Be3 Qb4+ 23. Bd2 Qe7 24. Bxc4 Qxe5 25. Ne4 Re8 26. d6+ Kh8 27. Kd1 Bf5 28. Bc3 Qf4 29. Nf6 Bc2+ 30. Kxc2 Rxe2+ 31. Bxe2 h5 32. dxc7 Qxg5 33. Nxh5 Bxc3 34. Nf4+ Kg8 35. Bc4+ 1-0

[Event "Zug"]
[Site "Zug"]
[Date "1991.??.??"]
[Round "2"]
[White "Ballmann, Martin"]
[Black "Horn, Pascal"]
[Result "1-0"]
[WhiteElo "2305"]
[BlackElo "2315"]
[PlyCount "103"]
[EventDate "1991.??.??"]
[EventType "tourn"]
[EventRounds "11"]
[EventCountry "SUI"]
[EventCategory "3"]
[SourceTitle "EXT 1997"]
[Source "ChessBase"]
[SourceDate "1996.11.15"]
[SourceVersion "1"]
[SourceVersionDate "1996.11.15"]
[SourceQuality "1"]

1. d4 Nf6 2. Nf3 b6 3. Bg5 e6 4. e3 Bb7 5. Bd3 h6 6. Bh4 Be7 7. Nbd2 d6 8. Qe2 Nbd7 9. c3 c5 10. e4 d5 11. e5 Nh5 12. Bxe7 Qxe7 13. g3 g6 14. 0-0 Ng7 15. a3 Nf5 16. b4 c4 17. Bxf5 gxf5 18. Nh4 a6 19. a4 0-0-0 20. f4 Rdg8 21. Ndf3 Nf8 22. Rf2 Ng6 23. Rg2 Rh7 24. a5 b5 25. Kf2 Rhg7 26. Rag1 Nf8 27. Qe3 Bc6 28. h3 Be8 29. g4 fxg4 30. Rxg4 f5 31. exf6 Qxf6 32. Qe5 Qxe5 33. dxe5 Rxg4 34. Rxg4 Rxg4 35. hxg4 h5 36. Kg3 hxg4 37. Kxg4 Kd7 38. Kg5 Ke7 39. Nd4 Kf7 40. Kh6 Bd7 41. Nhf3 Be8 42. Ng5+ Ke7 43. f5 exf5 44. Nxf5+ Kd7 45. Kg7 Ne6+ 46. Kf6 Nxg5 47. Kxg5 Ke6 48. Kf4 Bg6 49. Nd4+ Kd7 50. Kg5 Bf7 51. Kf6 Be8 52. e6+ 1-0

[Event "Zug"]
[Site "Zug"]
[Date "1991.??.??"]
[Round "6"]
[White "Giertz, Niklaus"]
[Black "Horn, Pascal"]
[Result "0-1"]
[WhiteElo "2225"]
[BlackElo "2315"]
[PlyCount "54"]
[EventDate "1991.??.??"]
[EventType "tourn"]
[EventRounds "11"]
[EventCountry "SUI"]
[EventCategory "3"]
[SourceTitle "EXT 1997"]
[Source "ChessBase"]
[SourceDate "1996.11.15"]
[SourceVersion "1"]
[SourceVersionDate "1996.11.15"]
[SourceQuality "1"]

1. d4 f5 2. Nf3 g6 3. g3 Bg7 4. Bg2 c6 5. c4 d6 6. 0-0 Qc7 7. Nc3 Nf6 8. Re1 0-0 9. e4 fxe4 10. Nxe4 Nxe4 11. Rxe4 Bf5 12. Re1 e5 13. dxe5 dxe5 14. Ng5 Rd8 15. Qf3 Na6 16. Ne4 Rd4 17. Qe2 Rf8 18. b3 Qf7 19. Ba3 Rfd8 20. Rad1 Qd7 21. Rc1 Bxe4 22. Bxe4 Bh6 23. Rc2 Qc7 24. Qg4 Qa5 25. Qe6+ Kh8 26. Rce2 Qxa3 27. Bxg6 Qd6 0-1

[Event "Zug"]
[Site "Zug"]
[Date "1991.??.??"]
[Round "5"]
[White "Horn, Pascal"]
[Black "Liardet, Fabrice"]
[Result "1-0"]
[WhiteElo "2315"]
[BlackElo "2205"]
[PlyCount "103"]
[EventDate "1991.??.??"]
[EventType "tourn"]
[EventRounds "11"]
[EventCountry "SUI"]
[EventCategory "3"]
[SourceTitle "EXT 1997"]
[Source "ChessBase"]
[SourceDate "1996.11.15"]
[SourceVersion "1"]
[SourceVersionDate "1996.11.15"]
[SourceQuality "1"]

1. e4 Nf6 2. e5 Nd5 3. d4 d6 4. Nf3 Nc6 5. c4 Nb6 6. e6 fxe6 7. Ng5 e5 8. d5 Nd4 9. Bd3 g6 10. Be3 Bh6 11. Nxh7 Bf5 12. Bxd4 Qd7 13. Bxb6 axb6 14. Be2 Qa4 15. Qxa4+ Rxa4 16. Nc3 Ra8 17. g4 Bd7 18. Bd3 Kf7 19. h4 Rxh7 20. h5 Rg7 21. hxg6+ Rxg6 22. Bxg6+ Kxg6 23. f3 Rf8 24. Ke2 Rf4 25. b3 Bg7 26. Rag1 c6 27. Na4 b5 28. cxb5 cxd5 29. b6 Bb5+ 30. Kf2 e4 31. Rg3 Bd4+ 32. Kg2 e3 33. Rgh3 e2 34. Rh6+ Kf7 35. Rh7+ Ke8 36. Re1 Rf6 37. Rh8+ Kd7 38. Rb8 Bxa4 39. bxa4 Re6 40. Rxb7+ Kc6 41. Rc7+ Kxb6 42. Rc2 Rg6 43. Rb1+ Ka5 44. Rxe2 e5 45. Rb5+ Kxa4 46. Rxd5 Kb4 47. Rc2 Bc3 48. Rd3 Bd4 49. Rb3+ Ka5 50. Rc8 Rg7 51. Ra8+ Ba7 52. Rxa7+ 1-0

[Event "Zug"]
[Site "Zug"]
[Date "1991.??.??"]
[Round "4"]
[White "Summermatter, Daniel"]
[Black "Horn, Pascal"]
[Result "1-0"]
[WhiteElo "2320"]
[BlackElo "2315"]
[PlyCount "81"]
[EventDate "1991.??.??"]
[EventType "tourn"]
[EventRounds "11"]
[EventCountry "SUI"]
[EventCategory "3"]
[SourceTitle "EXT 1997"]
[Source "ChessBase"]
[SourceDate "1996.11.15"]
[SourceVersion "1"]
[SourceVersionDate "1996.11.15"]
[SourceQuality "1"]

1. d4 f5 2. Nf3 Nf6 3. c4 g6 4. g3 Bg7 5. Bg2 c6 6. 0-0 0-0 7. Nc3 d5 8. Qb3 Kh8 9. Bf4 e6 10. Rad1 h6 11. Ne5 Qe8 12. f3 g5 13. Bc1 Nbd7 14. Nxd7 Nxd7 15. e4 e5 16. exd5 exd4 17. Rfe1 Qg6 18. Ne2 c5 19. f4 Nb6 20. Bd2 Bd7 21. Qc2 g4 22. Nc1 Rae8 23. Nd3 Qd6 24. b3 Nc8 25. Qb1 b6 26. b4 Ba4 27. Rxe8 Rxe8 28. Re1 cxb4 29. Rxe8+ Bxe8 30. Bxb4 Qc7 31. Qe1 Bf7 32. Ne5 Bg8 33. Bf1 a5 34. Ba3 Nd6 35. Bd3 b5 36. c5 Ne4 37. d6 Qb7 38. c6 Qa7 39. Ng6+ Kh7 40. d7 Bf6 41. Be7 1-0

[Event "Geneve-B"]
[Site "Geneve"]
[Date "1990.??.??"]
[Round "4"]
[White "Arakhamia Grant, Ketevan"]
[Black "Horn, Pascal"]
[Result "1-0"]
[WhiteElo "2385"]
[BlackElo "2285"]
[PlyCount "92"]
[EventDate "1990.??.??"]
[EventType "schev"]
[EventRounds "5"]
[EventCountry "SUI"]
[SourceTitle "EXT 1997"]
[Source "ChessBase"]
[SourceDate "1996.11.15"]
[SourceVersion "1"]
[SourceVersionDate "1996.11.15"]
[SourceQuality "1"]

1. e4 Nf6 2. e5 Nd5 3. d4 d6 4. Nf3 Bg4 5. Be2 c6 6. Ng5 Bxe2 7. Qxe2 dxe5 8. dxe5 h6 9. Ne4 e6 10. 0-0 Nd7 11. Rd1 b5 12. b3 Qb8 13. c4 Qxe5 14. cxd5 cxd5 15. Nec3 Bd6 16. f4 Bc5+ 17. Kf1 Qxe2+ 18. Kxe2 a6 19. Bb2 Ke7 20. Nd2 Bd6 21. g3 Rhg8 22. Kf3 g5 23. Re1 Nb6 24. Ne2 Kd7 25. Bd4 Nc8 26. Rac1 Bb4 27. Rc2 Nd6 28. Rec1 Rac8 29. Rxc8 g4+ 30. Ke3 Rxc8 31. Rxc8 Kxc8 32. Be5 Bc5+ 33. Kd3 Ne8 34. f5 Kd7 35. fxe6+ fxe6 36. Nf1 Bd6 37. Kd4 Ba3 38. Ke3 Be7 39. Nf4 Nd6 40. Ng6 Bg5+ 41. Bf4 Nf7 42. Bxg5 hxg5 43. Kd3 e5 44. Ne3 Ke6 45. Nxg4 Kf5 46. N6xe5 Nxe5+ 1-0